000 00845nam a22002175i 4500
001 172797
003 ES-MaACL
005 20250831061536.0
008 090909s1934 sp |||| | spa d
110 1 _aEspaña
_93622
245 1 0 _aTratado de trabajo y de asistencia social entre España y Francia firmado en Madrid el 2 de noviembre de 1932.
260 _aMadrid :
_b[s.n.],
_c1934 (
_fImpr. del Ministerio de Estado)
300 _a17 p. ;
_c24 cm.
490 1 _aPublicaciones del Ministerio de Estado. Serie A: Acuerdos y Convenios Internacionales. Año 1934 ;
_v1
500 _aLa cubierta sirve de portada.
594 _aTexto en español y francés.
710 1 _aEspaña.
_bMinisterio de Estado.
_93866
830 0 0 _aPublicaciones del Ministerio de Estado
_v1
_9189119
852 _aES-MaACL
_j2300-F-14
999 _c172797
_d172797